Los europeos /

Guardado en:
Autor Principal: James, Henry.
Otros Autores: López Muñoz, José Luis; trad.
Formato: Libro
Idioma:Undetermined
Publicado: Buenos Aires : Hyspamerica, 1983.
Edición:1a ed.
Series:Historia Universal de la Literatura ; 18
Materias:
Etiquetas: Agregar Etiqueta
Sin Etiquetas, Sea el primero en etiquetar este registro!
LEADER 00598nam a22001935a 4500
001 CEM.cems024463
008 250206s1983####ag############000#0#und#d
005 20250206140517.0
245 1 0 |a Los europeos /  |c Henry James. 
250 |a 1a ed. 
260 |a Buenos Aires :  |b Hyspamerica,  |c 1983. 
300 |a 189 p. 
490 1 |a Historia Universal de la Literatura ;  |v 18 
020 |a 9506140138 
100 1 |a James, Henry. 
700 1 |a López Muñoz, José Luis; trad. 
653 |a Novela norteamericana 
653 |a Literatura norteamericana 
859 |a CEMS  |b BIB. CEMS - 11 de abril  |h 813.4  |i J23-3  |p 29730.24  |t Ej.1